La solidaridad, un proyecto de hombre

Guardado en:
Detalles Bibliográficos
Autor principal: Arnaiz, José María (Autor)
Formato: Libro
Lenguaje:español
Publicado: Santiago SM 1991
Materias:
Etiquetas: Agregar Etiqueta
Sin Etiquetas, Sea el primero en etiquetar este registro!

MARC

LEADER 00000nam a2200000 a 4500
001 UCX3859
003 CL-VaPUC
008 920114e19910000CL |||||||||||||||||spa|d
082 0 4 |a 128  |b ARN  |2 21 
100 0 |a Arnaiz, José María  |e author  |9 320070 
245 1 3 |a La solidaridad, un proyecto de hombre 
300 |a 147 p 
942 |c BK 
945 |d 19920114 00:00:00 
260 |a Santiago  |b SM  |c 1991 
650 7 |a SOLIDARIDAD ASPECTOS RELIGIOSOS  |2 CL-VaPUC  |9 309697 
650 0 |a Cristianismo  |9 257361 
583 |a last modification  |c 19920114 00:00:00  |k Rodrigo Vera 
999 |c 224500  |d 224498 
952 |0 0  |1 0  |4 0  |6 128_000000000000000_ARN_1991  |7 0  |8 A  |9 221184  |a BIBTEO  |b BIBTEO  |d 2019-11-15  |i 2899469  |o 128 ARN 1991  |p 2899469  |r 2025-01-17  |w 2019-11-15  |y BK  |k ICR